Estatísticas para Marcas que começam com W

Clique aqui para jogar o quiz

Estatísticas Gerais

  • Esse quiz foi jogado 9 vezes
  • A pontuação média é 2 de 15

Estatísticas das Respostas

HintResposta% Correto
5.WWF
50%
8.Wal-Mart
38%
1.Warner Bros
38%
3.Wikipédia
25%
7.Wella
13%
15.Western Union
13%
6.Whiskas
13%
11.Walgreens
0%
9.Warner Channel
0%
10.Waterman
0%
12.WD 40
0%
13.Weber
0%
2.Wells
0%
14.Wells Fargo
0%
4.Wendy's
0%

Distribuição das Pontuações

Percentil de Números Respondidos

Porcentagem de Pessoas com Cada Pontuação

Sua Pontuação Histórica

Você não jogou esse quiz